Ferdydurke

Gardado en:
Detalles Bibliográficos
Autor Principal: Gombrowicz, Witold
Formato: Libro
Idioma:Undetermined
Publicado: Buenos Aires, Argentina ARGOS 1947
Materias:
Etiquetas: Engadir etiqueta
Sen Etiquetas, Sexa o primeiro en etiquetar este rexistro!

MARC

LEADER 00000nam a2200000Ia 4500
008 170316s9999 xx 000 0 und d
090 |a 800-P G-1f 
100 |a Gombrowicz, Witold 
245 |a Ferdydurke 
260 |a Buenos Aires, Argentina 
260 |b ARGOS 
260 |c 1947 
300 |a 280 páginas 
650 |a OTRAS LITERATURAS 
650 |a LITERATURA DE POLONIA 
999 |c 19950  |d 19950 
040 |a cru BVZT 
942 |c 15 D  |h 800-P G-1f  |2 z